[Event "MDM Pyramid Challenge"]
[Site "SchemingMind.com"]
[Date "2008.02.28"]
[Round "-"]
[White "Joe Daudish"]
[Black "s-man"]
[Result "1-0"]
[WhiteCountry "USA"]
[BlackCountry "CAN"]
[WhiteElo "1757"]
[WhiteRD "53"]
[BlackElo "1233"]
[BlackRD "90"]
[GameID "143892"]

1. d4 d5 2. Nf3 Nf6 3. Bf4 c6 4. h3 h6 5. e3 Ne4 6. Nbd2 g5 7. Be5 f6 8. Bh2 Qa5 9. c3 Nxd2 10. Qxd2 Nd7
11. Bd3 c5 12. O-O b6 13. Bg6+ Kd8 14. dxc5 bxc5 15. Qxd5 Rb8 16. Rfb1 Bb7 17. Qd1 Rg8 18. Bf5 Qc7 19. Bxc7+ Kxc7 20. Qxd7+ Kb6
21. Qe6+ Kb5 22. Qxg8 Bc8 23. Qxf8
1-0

[Event "MDM Pyramid Challenge"]
[Site "SchemingMind.com"]
[Date "2008.02.28"]
[Round "-"]
[White "s-man"]
[Black "Joe Daudish"]
[Result "0-1"]
[WhiteCountry "CAN"]
[BlackCountry "USA"]
[WhiteElo "1233"]
[WhiteRD "90"]
[BlackElo "1757"]
[BlackRD "53"]
[GameID "143897"]

1. d4 d5 2. Nc3 e6 3. e3 Nf6 4. Nf3 Be7 5. b3 c5 6. e4 dxe4 7. Ne5 Qxd4 8. Bb2 Qxe5 9. Qd2 Qd6 10. Qxd6 Bxd6
11. f3 exf3 12. gxf3 O-O 13. Nb5 Rd8 14. Bc4 a6 15. Nxd6 Rxd6 16. Rd1 Rxd1+ 17. Kxd1 Bd7 18. b4 cxb4 19. Bc1 Bc6 20. Be2 Nbd7
21. f4 Bxh1
0-1

[Event "MDM Pyramid Challenge"]
[Site "SchemingMind.com"]
[Date "2008.03.01"]
[Round "-"]
[White "Carl Lenox"]
[Black "loco61"]
[Result "0-1"]
[WhiteCountry "CAN"]
[BlackCountry "ENG"]
[WhiteElo "1211"]
[WhiteRD "78"]
[BlackElo "1601"]
[BlackRD "66"]
[GameID "144049"]

1. e4 e5 2. Nc3 Nf6 3. Nf3 Nc6 4. Bc4 h6 5. Qe2 Bb4 6. d4 Nxd4 7. Qd2 Nxe4 8. Qe3 Nxc2+ 9. Kd1 Nxe3+ 10. fxe3 Nxc3+
11. bxc3 Bxc3 12. Rb1 d5 13. Bb5+ c6 14. Ba4 b5 15. Bb3 c5 16. Ba3 b4 17. Rf1 bxa3 18. Nxe5 Bxe5 19. Ba4+ Bd7 20. Bb3 c4
21. e4 cxb3 22. Rxb3 Ba4 23. Kc2 Bxb3+ 24. Kxb3 Rb8+ 25. Kxa3 Qa5#
0-1

[Event "MDM Pyramid Challenge"]
[Site "SchemingMind.com"]
[Date "2008.03.01"]
[Round "-"]
[White "loco61"]
[Black "Carl Lenox"]
[Result "1-0"]
[WhiteCountry "ENG"]
[BlackCountry "CAN"]
[WhiteElo "1601"]
[WhiteRD "66"]
[BlackElo "1211"]
[BlackRD "78"]
[GameID "144053"]

1. e4 e5 2. Nf3 d6 3. Bc4 Nc6 4. c3 Be6 5. Bxe6 Nf6 6. Bd5 Nxe4 7. Bxe4 d5 8. Bf5 g6 9. Bh3 Qf6 10. O-O Bc5
11. d3 Rd8 12. Bg5 Qd6 13. Bxd8 Kxd8 14. Re1 f5 15. Nbd2 h6 16. b4 Bb6 17. b5 Ne7 18. Nxe5 g5 19. g3 Qa3 20. Nf7+ Kc8
21. Nxh8 g4 22. Bg2 h5 23. Qb3 Qd6 24. Nf7 Qc5 25. d4 Qxb5 26. Qxb5 c6 27. Qb4 c5 28. dxc5 Bc7 29. Rxe7 a6 30. Nd6+ Kb8
31. Qxb7#
1-0

[Event "MDM Pyramid Challenge"]
[Site "SchemingMind.com"]
[Date "2008.03.05"]
[Round "-"]
[White "Mijical"]
[Black "Dannibal"]
[Result "1-0"]
[WhiteCountry "CAN"]
[BlackCountry "BEL"]
[WhiteElo "1610"]
[WhiteRD "93"]
[BlackElo "975"]
[BlackRD "101"]
[GameID "144800"]

1. Nf3 d5 2. b4 Nc6 3. b5 Nb4 4. c3 Nxa2 5. Rxa2 Bf5 6. d3 e6 7. Qa4 Qd7 8. Ne5 Qe7 9. b6+ Kd8 10. Nc6+ bxc6
11. b7 Rb8 12. Qxa7 Rxb7 13. Qxb7 Nf6 14. Qxc6 Qd7 15. Ra8+ Ke7 16. Ba3+ Qd6 17. Bxd6+ cxd6 18. f3 e5 19. g4 Bd7 20. Qc7 g5
21. h4 gxh4 22. g5 Ne8 23. Qb7 h6 24. Ra7 hxg5 25. Qxd7+ Kf6 26. Qxf7#
1-0

[Event "MDM Pyramid Challenge"]
[Site "SchemingMind.com"]
[Date "2008.03.05"]
[Round "-"]
[White "Dannibal"]
[Black "Mijical"]
[Result "0-1"]
[WhiteCountry "BEL"]
[BlackCountry "CAN"]
[WhiteElo "1089"]
[WhiteRD "98"]
[BlackElo "1596"]
[BlackRD "84"]
[GameID "144807"]

1. e4 e5 2. Bc4 Nf6 3. Nf3 c6 4. Nxe5 Qe7 5. d4 d6 6. Nd3 d5 7. Bg5 Qxe4+ 8. Qe2 Qxe2+ 9. Kxe2 Ne4 10. h4 dxc4
11. Ne5 f6 12. Bxf6 gxf6 13. Nxc4 Bg4+ 14. Ke3 Nd6 15. Nxd6+ Bxd6 16. Nc3 b5 17. Ne4 Be7 18. f3 Bc8 19. Rhd1 Bb7 20. a4 c5
21. dxc5 Ba6 22. Rd5 Nd7 23. b4 Bb7 24. Rf5 a5 25. axb5 axb4 26. Rb1 Ra3+ 27. Rb3 Rxb3+ 28. Kd4 Bxe4 29. fxe4 Rc3 30. c6 Nb6
31. e5 Rg8 32. Rf4 f5 33. Rxf5 Rg4+ 34. Rf4 Rxf4#
0-1

[Event "MDM Pyramid Challenge"]
[Site "SchemingMind.com"]
[Date "2008.03.09"]
[Round "-"]
[White "hitmanhicks"]
[Black "dtedesco"]
[Result "1-0"]
[WhiteCountry "CAN"]
[BlackCountry "CAN"]
[WhiteElo "1537"]
[WhiteRD "93"]
[BlackElo "1437"]
[BlackRD "51"]
[GameID "145114"]

1. e4 c5 2. Nf3 d6 3. d4 cxd4 4. Nxd4 Nf6 5. Nc3 g6 6. Bb5+ Bd7 7. Bxd7+ Nbxd7 8. O-O Bg7 9. Nf3 e5 10. Nb5 Nc5
11. Qxd6 Na6 12. Qxe5+ Qe7 13. Qxe7+ Kxe7 14. Re1 Rhe8 15. e5 Nd7 16. Bg5+ Kf8 17. a3 Rac8 18. Nd6 Rxc2 19. Rab1 Rec8 20. Nxc8 Nac5
21. Nxa7 Nd3 22. Nd4 Rd2 23. Bxd2 Bxe5 24. Re3 Nxb2 25. Rxe5 Nxe5 26. Rxb2 Nc4 27. Rxb7 Nxd2 28. Nf3 Nc4 29. a4 Na5 30. Rc7 Kg7
31. Nc6 Nb3 32. Nfd4 Nc5 33. a5 h5 34. Nd8 Na6 35. Rxf7+ Kg8 36. Rf6 g5 37. Rxa6 Kf8 38. Rb6 Ke7 39. N8c6+ Kd6 40. Rb5 h4
41. a6
1-0

[Event "MDM Pyramid Challenge"]
[Site "SchemingMind.com"]
[Date "2008.03.07"]
[Round "-"]
[White "dtedesco"]
[Black "hitmanhicks"]
[Result "0-1"]
[WhiteCountry "CAN"]
[BlackCountry "CAN"]
[WhiteElo "1470"]
[WhiteRD "56"]
[BlackElo "1608"]
[BlackRD "90"]
[GameID "145122"]

1. e4 e5 2. f4 d6 3. Nf3 f5 4. fxe5 fxe4 5. Nd4 Qe7 6. Qh5+ g6 7. Qe2 Qxe5 8. Nb5 Na6 9. N1c3 d5 10. b3 c6
11. Qf2 cxb5 12. Bxb5+ Ke7 13. Qh4+ Kd6 14. Qd8+ Ke6 15. Qxf8 Nc7 16. Rf1 Bd7 17. Qc5 Bxb5 18. Rf2 b6 19. d4 bxc5 20. dxe5 Bc6
21. Bb2 d4 22. Na4 Bxa4 23. bxa4 Kxe5 24. O-O-O Nf6 25. h3 Ncd5 26. g4 e3 27. Rf3 Ne4 28. Rdf1 Nd2 29. Re1 Nxf3 30. Rf1 Nd2
31. Rf7 Ke6 32. Rg7 Kf6 33. Rd7 Nb6 34. Rc7 Ne4 35. h4 Ke6 36. a5 Nc4 37. Kd1 Nxb2+ 38. Kc1 Kd6 39. Rf7 Ke6 40. Rf1 Rhf8
41. Re1 Nc4 42. g5 Nxa5 43. Kd1 Nc3+ 44. Kc1 Nxa2+ 45. Kb2 Nc3 46. Ra1 e2 47. Re1 Nc4+ 48. Kc1 Rf1
0-1

[Event "MDM Pyramid Challenge"]
[Site "SchemingMind.com"]
[Date "2008.03.15"]
[Round "-"]
[White "cnbcad"]
[Black "Sjakkie"]
[Result "1/2-1/2"]
[WhiteCountry "USA"]
[BlackCountry "NED"]
[WhiteElo "1556"]
[WhiteRD "54"]
[BlackElo "1418"]
[BlackRD "79"]
[GameID "146057"]

1. e4 e5 2. Nf3 d6 3. d4 Nc6 4. d5 Nb4 5. a3 Na6 6. Bxa6 bxa6 7. O-O h6 8. c4 Nf6 9. b3 Nxe4 10. Qe1 Nc5
11. b4 Nd3 12. Qe3 Nxc1 13. Rxc1 Bb7 14. Nbd2 Be7 15. h3 O-O 16. a4=
1/2-1/2

[Event "MDM Pyramid Challenge"]
[Site "SchemingMind.com"]
[Date "2008.03.15"]
[Round "-"]
[White "Sjakkie"]
[Black "cnbcad"]
[Result "0-1"]
[WhiteCountry "NED"]
[BlackCountry "USA"]
[WhiteElo "1407"]
[WhiteRD "78"]
[BlackElo "1635"]
[BlackRD "50"]
[GameID "146062"]

1. e4 e5 2. Nf3 Nc6 3. Bc4 Nf6 4. d3 h6 5. h3 Nd4 6. Nxd4 exd4 7. c3 dxc3 8. bxc3 d6 9. O-O Be7 10. Be3 c5
11. Na3 a6 12. Bb3 b5 13. Nb1 O-O 14. Nd2 a5 15. a4 b4 16. cxb4 axb4 17. Nc4 Ba6 18. f4 Rb8 19. f5 d5 20. Ne5 dxe4
21. Nc6 Qxd3 22. Qxd3 Bxd3 23. Rf4 Rb7 24. Nxe7+ Kh8 25. Bxc5 Re8 26. a5 Rbxe7 27. Bxe7 Rxe7 28. a6 Ra7 29. Ra4 Bxa6 30. g4 e3
31. Bd1 Nd5 32. Rd4 Nc3 33. Raxb4 e2 34. Bxe2 Nxe2+ 35. Kf2 Nxd4 36. Rxd4 Bb7 37. Rd7 Ra2+ 38. Kg3 Rg2+ 39. Kh4 Bf3 40. Rxf7 Bd5
41. Rf8+ Kh7 42. f6 gxf6 43. Rxf6 Rh2 44. Rf5 Bg2 45. Rf2 Rxh3#
0-1

[Event "MDM Pyramid Challenge"]
[Site "SchemingMind.com"]
[Date "2008.03.19"]
[Round "-"]
[White "Vempiria-Melissa-Axelsson"]
[Black "Joe Daudish"]
[Result "0-1"]
[WhiteCountry "GBR"]
[BlackCountry "USA"]
[WhiteElo "1413"]
[WhiteRD "88"]
[BlackElo "1780"]
[BlackRD "46"]
[GameID "146759"]

1. e4 e6 2. Nf3 d5 3. e5 Ne7 4. d4 Ng6 5. c3 Be7 6. a3 c5 7. Bd3 Nc6 8. Be3 c4 9. Bc2 Bd7 10. Nbd2 b5
11. Qe2 a5 12. O-O O-O 13. Rad1 b4 14. axb4 axb4 15. cxb4 Nxb4 16. Bxg6 fxg6 17. Bf4 Rxf4 18. g3 Rf8 19. b3 cxb3
0-1

[Event "MDM Pyramid Challenge"]
[Site "SchemingMind.com"]
[Date "2008.03.20"]
[Round "-"]
[White "Joe Daudish"]
[Black "Vempiria-Melissa-Axelsson"]
[Result "1-0"]
[WhiteCountry "USA"]
[BlackCountry "GBR"]
[WhiteElo "1780"]
[WhiteRD "46"]
[BlackElo "1413"]
[BlackRD "88"]
[GameID "146763"]

1. d4 f5 2. Nf3 Nf6 3. Bf4 g6 4. h3 Bg7 5. e3 d5 6. Be2 Bd7 7. O-O O-O 8. c4 Nc6 9. Nc3 Be6 10. b3 Nb4
11. a3 Nc6 12. c5 Ne4 13. Qc2 a6 14. b4 Nxc3 15. Qxc3 Qd7 16. b5 axb5 17. Bxb5 Rac8 18. Ne5
1-0

[Event "MDM Pyramid Challenge"]
[Site "SchemingMind.com"]
[Date "2008.03.23"]
[Round "-"]
[White "Junomaul"]
[Black "mmccaffe"]
[Result "0-1"]
[WhiteCountry "CHN"]
[BlackCountry "USA"]
[WhiteElo "1351"]
[WhiteRD "149"]
[BlackElo "1634"]
[BlackRD "50"]
[GameID "147360"]

1. e4 e5 2. Nf3 Nc6 3. d4 exd4 4. Nxd4 Bc5 5. Nxc6 Qf6 6. Be3 Qxc6 7. Bxc5 Qxc5 8. Nd2 Nf6 9. f3 d6 10. Bd3 Be6
11. Qe2 O-O 12. Bc4 Bxc4 13. Nxc4 Rfe8 14. O-O-O d5 15. Ne3 dxe4 16. fxe4 Rxe4 17. g4 Qxe3+ 18. Qxe3 Rxe3 19. g5 Ng4 20. Rhf1 Rae8
21. Kd2 Rd8+ 22. Kc1 Rxd1+ 23. Kxd1 Re8 24. Kd2 Nxh2 25. Rf4 Rd8+ 26. Kc3 g6 27. b4 Rd5 28. Kc4 Rxg5 29. Kb3 Rg3+ 30. Ka4 c5
31. a3 cxb4 32. axb4 Rg2 33. c4 Rg4 34. Rxg4 Nxg4 35. Kb5 h5 36. Kc5 h4 37. Kd6 h3 38. Kc7 h2 39. Kxb7 h1=Q+ 40. Kxa7 Qc1
41. c5 Qa3+ 42. Kb6 Qxb4+ 43. Kc6 Ne5+
0-1

[Event "MDM Pyramid Challenge"]
[Site "SchemingMind.com"]
[Date "2008.03.23"]
[Round "-"]
[White "mmccaffe"]
[Black "Junomaul"]
[Result "0-1"]
[WhiteCountry "USA"]
[BlackCountry "CHN"]
[WhiteElo "1661"]
[WhiteRD "51"]
[BlackElo "1370"]
[BlackRD "153"]
[GameID "147368"]

1. e4 e5 2. Nf3 Nc6 3. Bb5 a6 4. Ba4 b5 5. Bb3 Nf6 6. O-O Nxe4 7. d4 exd4 8. Re1 d5 9. Nxd4 Qf6 10. Qf3 Qxd4
11. Nc3 Be6 12. Nxe4 dxe4 13. Qxe4 Qxe4 14. Rxe4 O-O-O 15. Bxe6+ fxe6 16. Rxe6 Rd1+
0-1

[Event "MDM Pyramid Challenge"]
[Site "SchemingMind.com"]
[Date "2008.04.21"]
[Round "-"]
[White "loco61"]
[Black "Mitch The Man"]
[Result "1-0"]
[WhiteCountry "ENG"]
[BlackCountry "USA"]
[WhiteElo "1633"]
[WhiteRD "70"]
[BlackElo "1405"]
[BlackRD "65"]
[GameID "151469"]

1. e4 b6 2. Nf3 Ba6 3. Bxa6 Nxa6 4. d4 Qb8 5. Bf4 Qb7 6. Nc3 f6 7. O-O O-O-O 8. Re1 g5 9. Bg3 Nh6 10. h3 Bg7
11. a3 d6 12. b4 b5 13. Qd3 c6 14. a4 Nxb4 15. Qe2 a6 16. axb5 cxb5 17. Reb1 Nc6 18. Rb3 Kd7 19. d5 Na7 20. Nd4 Rc8
21. Na4 Rc7 22. Ne6 Rcc8 23. Nxg7 Rc4 24. Ne6 Rhc8 25. c3 Ng8 26. f3 Rb8 27. Rab1 Rxa4 28. Bf2 Rc4 29. g3 Nh6 30. f4 Nf7
31. Rb4 Rxc3 32. R1b3 Rc1+ 33. Kg2 Rbc8 34. Rb2 gxf4 35. gxf4 Rg8+ 36. Kh2 Rcc8 37. Qh5 Nd8 38. Nxd8 Rcxd8 39. Qxh7 Rh8 40. Qf5+ Kc7
41. Rc2+ Kb8 42. Qe6 a5 43. Bxa7+ Kxa7 44. Ra2 Ka6 45. e5 Kb6 46. Re4 a4 47. Rb2 Ka7 48. Rxa4+ bxa4 49. Rxb7+ Kxb7 50. Qxe7+ Kb6
51. Qxf6 Rhf8 52. Qh6 Rh8 53. Qg6 Rhg8 54. Qb1+ Ka7 55. e6 Rb8 56. Qe4 Rb2+ 57. Kh1 a3 58. Qe3+ Kb8 59. Qxa3 Rbg2 60. Qxd6+ Ka7
61. Qc5+ Ka6 62. d6
1-0

[Event "MDM Pyramid Challenge"]
[Site "SchemingMind.com"]
[Date "2008.04.21"]
[Round "-"]
[White "Mitch The Man"]
[Black "loco61"]
[Result "0-1"]
[WhiteCountry "USA"]
[BlackCountry "ENG"]
[WhiteElo "1395"]
[WhiteRD "61"]
[BlackElo "1604"]
[BlackRD "65"]
[GameID "151477"]

1. e4 e5 2. Nf3 Nc6 3. c4 Nf6 4. d3 Bc5 5. h3 d6 6. Bg5 h6 7. Bxf6 Qxf6 8. Be2 Nd4 9. Nxd4 Bxd4 10. Qc2 Qxf2+
11. Kd1 Qxg2 12. Rf1 Bxh3 13. Nd2 Qg6 14. Re1 h5 15. Kc1 Bg4 16. Bxg4 Qxg4 17. Kb1 g5 18. Nb3 Bg1 19. a4 Qg3 20. Ka2 Bb6
21. a5 Bd4 22. Nxd4 exd4 23. Rg1 Qe5 24. Raf1 Qxa5+ 25. Kb1 g4 26. Rf5 c5 27. Qe2 Qc7 28. Rgf1 Rh7 29. e5 O-O-O 30. exd6 Qxd6
31. Rd5 Qe6 32. Rxc5+ Kb8 33. Re5 Qd6 34. Rd5 Qc7 35. Rxd8+ Qxd8 36. Qe5+ Ka8 37. Qe4 Rg7 38. Rf5 g3 39. Rd5 Qc8 40. Qxd4 Rg8
41. Rc5 Qf8 42. Rxh5 g2 43. Qg1 f5 44. Rh2 Qg7 45. Kc2 f4
0-1

[Event "MDM Pyramid Challenge"]
[Site "SchemingMind.com"]
[Date "2008.07.06"]
[Round "-"]
[White "Mijical"]
[Black "Junomaul"]
[Result "1-0"]
[WhiteCountry "CAN"]
[BlackCountry "CHN"]
[WhiteElo "1691"]
[WhiteRD "82"]
[BlackElo "1333"]
[BlackRD "146"]
[GameID "161618"]

1. Nf3 c6 2. c4 d5 3. d4 h6 4. Nc3 dxc4 5. Qa4 b5 6. Nxb5 cxb5 7. Qxb5+ Bd7 8. Qd5 e6 9. Qxa8 Bc6 10. Qxa7 Nf6
11. Ne5 Bd5 12. Qxf7#
1-0

[Event "MDM Pyramid Challenge"]
[Site "SchemingMind.com"]
[Date "2008.07.06"]
[Round "-"]
[White "Junomaul"]
[Black "Mijical"]
[Result "0-1"]
[WhiteCountry "CHN"]
[BlackCountry "CAN"]
[WhiteElo "1285"]
[WhiteRD "129"]
[BlackElo "1693"]
[BlackRD "82"]
[GameID "161624"]

1. Nf3 e6 2. d4 c5 3. dxc5 Bxc5 4. Nc3 Qb6 5. Be3 Bxe3 6. fxe3 Qxe3 7. g3 b6 8. Bg2 Nf6 9. Qd3 Ng4 10. Qxe3 Nxe3
11. Kf2 Nxg2 12. Kxg2 Bb7 13. Kf2 O-O 14. Rhd1 e5 15. Nxe5 b5 16. Nxd7 Rc8 17. Nxb8 Raxb8 18. Rd2 b4 19. Nb5 Rc5 20. Nd4 Kh8
21. Rad1 f5 22. Nb3 Rcc8 23. Nc5 Be4 24. Na6 Ra8 25. Nc7 Rab8 26. Ne6 f4 27. Rd8+ Rxd8 28. Nxd8 fxg3+ 29. hxg3 Bxc2 30. Rd2 Bb1
31. Nc6 Rf8+ 32. Ke3 Re8+ 33. Kf4 a6 34. Nxb4 g5+ 35. Kg4 h6 36. Kh5 Re6 37. a4 Bg6+ 38. Kxh6 a5 39. Nc6 Be4+ 40. Kxg5 Rxc6
41. g4 Rc4 42. Kh6 Bh7 43. b3 Rxg4 44. Rd6 Rg3 45. e4 Rxb3 46. Rd7 Rb6+ 47. Kg5 Bxe4 48. Re7 Rg6+ 49. Kf4 Bc2 50. Re8+ Kg7
51. Ra8 Rf6+ 52. Ke5 Rf5+ 53. Kd4 Bxa4 54. Kc4 Bb5+ 55. Kb3 Rf3+ 56. Kb2 a4 57. Ka2 Bc4+ 58. Kb2 Rb3+ 59. Ka2 Rb8+ 60. Ka3 Rxa8
61. Kb4 a3 62. Kxc4 a2 63. Kd5 a1=Q 64. Kd6 Qc3 65. Kd7 Qc5 66. Ke6 Ra6+ 67. Kd7 Qc6+ 68. Ke7 Qb7+ 69. Kd8 Ra8#
0-1

[Event "MDM Pyramid Challenge"]
[Site "SchemingMind.com"]
[Date "2008.10.14"]
[Round "-"]
[White "Mijical"]
[Black "Joe Daudish"]
[Result "0-1"]
[WhiteCountry "CAN"]
[BlackCountry "USA"]
[WhiteElo "1654"]
[WhiteRD "78"]
[BlackElo "1728"]
[BlackRD "43"]
[GameID "174881"]

1. Nf3 d5 2. b4 e6 3. a3 Be7 4. Bb2 Bf6 5. Qc1 Bxb2 6. Qxb2 Qf6 7. Qxf6 Nxf6 8. e3 c6 9. d4 Nbd7 10. c4 dxc4
11. Bxc4 Ke7 12. Nbd2 b6 13. e4 Bb7 14. Bd3 a5 15. bxa5 Rxa5 16. Nc4 Ra7 17. O-O Rha8 18. e5 Ne8 19. Bxh7 g6 20. Rfb1 b5
21. Ne3 Rxa3 22. Rxa3 Rxa3 23. Ng4 Nf8 24. Bg8 Nd7 25. Ng5 f5 26. Nh6 Ng7 27. Bh7 Nf8 28. Ng8+ Kd8 29. Nf7+ Kc7 30. Nf6 Nxh7
31. Nxh7 Nh5 32. Kf1 Nf4 33. g3 Nd5 34. Nfg5 Bc8 35. Nf8 Rd3 36. Ngxe6+ Bxe6 37. Nxe6+ Kb6 38. Rc1 b4 39. Nd8 Rc3 40. Rb1 c5
41. dxc5+ Kxc5 42. Ne6+ Kc4 43. Nf8 g5 44. f4 gxf4 45. e6 Ne7 46. gxf4 Rf3+ 47. Kg2 Rxf4 48. Kg3 Rg4+ 49. Kf3 Rd4 50. Rc1+ Kd3
51. Rc7 Nd5 52. e7 Re4 53. Rd7 Kc4 54. Ng6 b3 55. Nh4 Rxe7 56. Rd8 f4 57. Nf5 Rh7 58. Kg2 Ne3+ 59. Nxe3+ fxe3 60. Kf3 Rxh2
61. Rc8+ Kd3 62. Rd8+ Kc2 63. Rc8+ Kb1 64. Kxe3 Rc2 65. Rb8 b2 66. Rf8 Rc4 67. Kd2 Rc5 68. Rb8 Rc2+ 69. Kd1 Rc4 70. Rb7 Rd4+
71. Ke2 Rd5 72. Rb8 Kc2 73. Rc8+ Kb3 74. Rb8+ Ka3 75. Ra8+ Kb4 76. Rb8+ Rb5
0-1

[Event "MDM Pyramid Challenge"]
[Site "SchemingMind.com"]
[Date "2008.10.14"]
[Round "-"]
[White "Joe Daudish"]
[Black "Mijical"]
[Result "0-1"]
[WhiteCountry "USA"]
[BlackCountry "CAN"]
[WhiteElo "1728"]
[WhiteRD "43"]
[BlackElo "1654"]
[BlackRD "78"]
[GameID "174885"]

1. d4 a6 2. Nf3 d5 3. Bf4 e6 4. e3 c5 5. c3 c4 6. Nbd2 b5 7. Be2 Nf6 8. h3 Bd6 9. Bxd6 Qxd6 10. O-O Nbd7
11. a3 O-O 12. Qc2 Re8 13. Rfe1 e5 14. dxe5 Nxe5 15. Rad1 a5 16. Nxe5 Rxe5 17. Bf3 Bf5 18. Qc1 Nd7 19. Nf1 Nc5 20. Re2 Nb3
21. Qd2 Nxd2 22. Rexd2 Be4 23. Bxe4 Rxe4 24. Rxd5 Qf6 25. Rxb5 h5 26. Rxh5 Rb8 27. Rd2 a4 28. Ng3 Rh4 29. Ra5 Qc6 30. Nf5 Re4
31. f3 Ree8 32. Kf2 Ra8 33. Rad5 Qb6 34. R5d4 Rad8 35. Nd6 Rxd6 36. Rxd6 Qxe3+ 37. Kg3 Qg5+ 38. Kh2 f5 39. g3 f4 40. g4 Qh4
41. Rg2 Qe1 42. g5 Qe7 43. Rdd2 g6 44. h4 Qe1 45. Rd6 Qxh4+ 46. Kg1 Re1#
0-1

[Event "MDM Pyramid Challenge"]
[Site "SchemingMind.com"]
[Date "2008.11.29"]
[Round "-"]
[White "loco61"]
[Black "Mijical"]
[Result "1/2-1/2"]
[WhiteCountry "ENG"]
[BlackCountry "CAN"]
[WhiteElo "1705"]
[WhiteRD "69"]
[BlackElo "1629"]
[BlackRD "76"]
[GameID "180817"]

1. e4 e5 2. Nf3 Nf6 3. Bc4 Nc6 4. d3 Na5 5. Nbd2 Nxc4 6. Nxc4 d6 7. Bg5 h6 8. Bh4 g5 9. Bg3 Nh5 10. Qe2 Nxg3
11. hxg3 Qd7 12. Nxg5 Be7 13. f4 Bxg5 14. fxg5 Qg4 15. gxh6 Qxg3+ 16. Qf2 Qxf2+ 17. Kxf2 Rh7 18. Ne3 Ke7 19. Nf5+ Bxf5 20. exf5 Rah8
21. g4 Rxh6 22. Rxh6 Rxh6 23. Kg3=
1/2-1/2

[Event "MDM Pyramid Challenge"]
[Site "SchemingMind.com"]
[Date "2008.11.29"]
[Round "-"]
[White "Mijical"]
[Black "loco61"]
[Result "0-1"]
[WhiteCountry "CAN"]
[BlackCountry "ENG"]
[WhiteElo "1606"]
[WhiteRD "73"]
[BlackElo "1666"]
[BlackRD "65"]
[GameID "180823"]

1. Nf3 Nc6 2. d4 e6 3. c4 d5 4. Nc3 a6 5. c5 b6 6. cxb6 cxb6 7. Bf4 Qf6 8. g3 h6 9. e3 g5 10. Bc7 b5
11. Ne5 Qe7 12. Nxb5 Nxe5 13. Bxe5 f6 14. Qa4 Bd7 15. Nc7+ Kf7 16. Qa5 Qb4+ 17. Qxb4 Bxb4+ 18. Kd1 Ra7 19. Nxa6 fxe5 20. dxe5 Ba5
21. Nc5 Bc6 22. g4 Ne7 23. h4 Bb6 24. Nd3 Raa8 25. Nb4 Bd7 26. b3 Ng6 27. h5 Nxe5 28. Rg1 Bc5 29. Nc2 Rhf8 30. b4 Bb6
31. Ne1 Ke7 32. Rg2 Bc6 33. Be2 d4 34. Rh2 dxe3 35. fxe3 Bxe3 36. Nd3 Nxd3 37. Bxd3 Rad8 38. Kc2 Ba4+ 39. Kb1 Rxd3
0-1